« Retourner aux résultats de recherche
nombrils (Les)
| Auteur principal: | Delaf |
|---|---|
| D'autres auteurs: | Maryse Dubuc |
| Support: | Livres |
| Langue: | Francais |
| Publié: |
J. Dupuis-Paris Paris |
| Series: |
Les nombrils |
| Genre: |
Bande Dessinée enfant ado |
| Sujets: | |
| Étiquettes: |
Ajouter
Pas de Tags !
|
| LEADER | 00604nam0a2200193 450 | ||
|---|---|---|---|
| 001 | 16822219 | ||
| 010 | |a 978-2-8001-6353-6 |d 10,6 | ||
| 100 | |a 20150730d2026 u u0frey01 ba | ||
| 101 | 0 | |a fre | |
| 102 | |a FR | ||
| 200 | 0 | |a nombrils (Les) |f Delaf, Maryse Dubuc | |
| 207 | 1 | |a | |
| 210 | |a Paris |b 8 rue Bellini. |c J. Dupuis-Paris | ||
| 461 | 0 | |t Les nombrils |v 7 | |
| 700 | 0 | |a Delaf |f 1973-.... |4 90 | |
| 701 | 0 | |a Dubuc |b Maryse |f 1977-.... |4 0 | |
| 900 | |a Bande Dessinée enfant ado | ||
| 901 | |a Accessible au prêt | ||
| 995 | |a Bibliothèque |c Bibliothèque |f 024016240 |h 024016240 |k BDJ DEL |o p |q j |r az |e Bibliothèque | ||
